| 000 | 00496nam a2200157Ia 4500 | ||
|---|---|---|---|
| 999 |
_c22234 _d22234 |
||
| 003 | OSt | ||
| 005 | 20200519114503.0 | ||
| 008 | 190216s9999||||xx |||||||||||||| ||und|| | ||
| 040 | _coclc | ||
| 082 |
_a301.2977671054 _bJAF/S |
||
| 100 |
_aJaffar, S M _92424 |
||
| 245 | 0 |
_aSome Cultural Aspects Of Muslim Rule In India / _cS M Jaffar |
|
| 260 |
_bIdarah-1 Adabiyat-1, _c1979. _aNew Delhi: |
||
| 300 | _a252p | ||
| 942 |
_cBK _2ddc _h301.2917671054 _iJAF/S _k301.2917671054 _mJAF/S |
||